Supply chain management : (Record no. 86256)
[ view plain ]
| 000 -LEADER | |
|---|---|
| fixed length control field | 00907nam a2200277 a 4500 |
| 001 - CONTROL NUMBER | |
| control field | 86256 |
| 003 - CONTROL NUMBER IDENTIFIER | |
| rucl marc code | BD-RjUL |
| 005 - DATE AND TIME OF LATEST TRANSACTION | |
| control field | 20260329120047.0 |
| 008 - FIXED-LENGTH DATA ELEMENTS--GENERAL INFORMATION | |
| fixed length control field | 260329s20242021ii a b 001 0 eng d |
| 020 ## - INTERNATIONAL STANDARD BOOK NUMBER | |
| International Standard Book Number | 9789355738066 |
| 035 ## - SYSTEM CONTROL NUMBER | |
| System control number | (BD-RjUL)86256 |
| 040 ## - CATALOGING SOURCE | |
| Original cataloging agency | YDXCP |
| Language of cataloging | eng |
| Transcribing agency | YDXCP |
| Description conventions | rda |
| Modifying agency | BTCTA |
| -- | DLC |
| -- | BD-RjUL |
| 041 ## - LANGUAGE CODE | |
| Language code of text/sound track or separate title | eng |
| 082 04 - DEWEY DECIMAL CLASSIFICATION NUMBER | |
| Edition number | 23 |
| Classification number | 658.5 |
| Author mark and year | SUP 2024 |
| 245 10 - TITLE STATEMENT | |
| Title | Supply chain management : |
| Remainder of title | a logistics perspective / |
| Statement of responsibility, etc. | C. John Langley ... [et al.] |
| 250 ## - EDITION STATEMENT | |
| Edition statement | 11th ed. |
| 264 #1 - PRODUCTION, PUBLICATION, DISTRIBUTION, MANUFACTURE, AND COPYRIGHT NOTICE | |
| Place of production, publication, distribution, manufacture | Australia ; |
| -- | New Delhi : |
| Name of producer, publisher, distributor, manufacturer | Cengage Learning, |
| Date of production, publication, distribution, manufacture, or copyright notice | 2021, [printing 2024] |
| 300 ## - PHYSICAL DESCRIPTION | |
| Pagination | xxvi, 628 pages : |
| Illustrations | illustrations ; |
| Size | 27 cm |
| 336 ## - CONTENT TYPE | |
| Content type term | text |
| Content type code | txt |
| Source | rdacontent |
| 337 ## - MEDIA TYPE | |
| Media type term | unmediated |
| Media type code | n |
| Source | rdamedia |
| 338 ## - CARRIER TYPE | |
| Carrier type term | volume |
| Carrier type code | nc |
| Source | rdacarrier |
| 504 ## - BIBLIOGRAPHY, ETC. NOTE | |
| Bibliography, etc | Includes bibliographical references and indexes. |
| 650 #0 - SUBJECT ADDED ENTRY--TOPICAL TERM | |
| Topical term or geographic name as entry element | Business logistics. |
| 9 (RLIN) | 8979 |
| 700 ## - ADDED ENTRY--PERSONAL NAME | |
| Personal name | Langley, C. John |
| 942 ## - ADDED ENTRY ELEMENTS (KOHA) | |
| Source of classification or shelving scheme | Dewey Decimal Classification |
| Koha item type | Books |
| Lost status | Source of classification or shelving scheme | Damaged status | Not for loan | Collection code | Permanent Location | Current Location | Shelving location | Date acquired | Source of acquisition | Cost, normal purchase price | Total Checkouts | Full call number | Date last seen | Copy number | Koha item type |
|---|---|---|---|---|---|---|---|---|---|---|---|---|---|---|---|
| Dewey Decimal Classification | Not For Loan | Non-fiction | Central Library, University of Rajshahi | Central Library, University of Rajshahi | Reading Room | 03/03/2026 | Omni Concept, Dhaka | 1223.00 | 658.5 SUP 2024 | 29/03/2026 | C-1 | Books | |||
| Dewey Decimal Classification | Non-fiction | Central Library, University of Rajshahi | Central Library, University of Rajshahi | General Stacks | 03/03/2026 | Omni Concept, Dhaka | 1223.00 | 658.5 SUP 2024 | 29/03/2026 | C-2 | Books | ||||
| Dewey Decimal Classification | Non-fiction | Central Library, University of Rajshahi | Central Library, University of Rajshahi | General Stacks | 03/03/2026 | Omni Concept, Dhaka | 1223.00 | 658.5 SUP 2024 | 29/03/2026 | C-3 | Books |